000 00272nam a22001217a 4500
008 180306b xxu||||| |||| 00| 0 eng d
041 _aeng
080 _a91
100 _a41
101 _ageo
245 _acartographia mapping civilization
_cvirga.v
942 _2udc
_cBK
999 _c44171
_d44171